Euro-Atlantic Integration in the Post-Soviet Area
Výhody účasti v programe NATO Partnerstvo za mier (Partnership for Peace Program) pre krajiny v postsovietskom priestore, ktoré sa snažia integrovať do euroatlantických inštitúcií. Prekážky účasti v programe NATO Partnerstvo za mier pre postsovietske krajiny. Prípadové štúdie úspešnej účasti v progr...
Salvato in:
| Autore principale: | |
|---|---|
| Altri autori: | |
| Natura: | Capitolo di libro |
| Lingua: | inglese |
| Soggetti: | |
| Tags: |
Nessun Tag, puoi essere il primo ad aggiungerne!!
|
MARC
| LEADER | 00000naa a2200000 4500 | ||
|---|---|---|---|
| 001 | 0295457 | ||
| 005 | 20240502083950.5 | ||
| 041 | 0 | |a eng | |
| 044 | |a UA | ||
| 245 | 1 | 0 | |a Euro-Atlantic Integration in the Post-Soviet Area |c Boris Dziura, Alisa Mahdichb |
| 520 | |a Výhody účasti v programe NATO Partnerstvo za mier (Partnership for Peace Program) pre krajiny v postsovietskom priestore, ktoré sa snažia integrovať do euroatlantických inštitúcií. Prekážky účasti v programe NATO Partnerstvo za mier pre postsovietske krajiny. Prípadové štúdie úspešnej účasti v programe NATO Partnerstvo za mier. | ||
| 610 | 2 | 0 | |a vzťahy medzinárodné |
| 610 | 2 | 0 | |a organizácie medzinárodné |
| 610 | 2 | 0 | |a politika |
| 610 | 2 | 0 | |a spolupráca medzinárodná |
| 610 | 2 | 0 | |a konflikty |
| 610 | 2 | 0 | |a NATO |
| 610 | 2 | 0 | |a ZSSR |
| 610 | 2 | 0 | |a Európska únia |
| 610 | 2 | 0 | |a Ukrajina |
| 100 | 1 | |a Dziura, Boris, 1976- | |
| 700 | 1 | |a Mahdichb, Alisa | |